000 00460cam a2200181ua 4500
001 11895
008 191116n ii |||gr||||Z||||||eng
020 _a9789380752846
040 _cMAIN
082 _a158.3
100 _aNarayan Barik,
_eAuthor.
245 _aFundamentals of guidance and counselling
_cBy Narayan Barik
250 _a1st ed.
260 _aNew Delhi:
_bKunal books,
_c2012.
300 _a300p.
653 _aApplied psychology
942 _cBK
999 _c10684
_d10684